000 01175cam a22002891i 4500
003 SA-RiAUC
005 20240913173211.0
008 240909s1999 su a g b 00000 ara c
020 _a9960205460
040 _aSA-RiAUC
_bara
_cSA-RiAUC
_erda
050 4 _b.U83 1999
082 0 4 _a258.54
_bع ط ي
100 1 _aالعطيشان، سعود بن صالح
_eمؤلف.
245 1 0 _aمنهج ابن تيمية في الفقه /
_cتأليف سعود بن صالح العطيشان.
250 _aالطبعة الأولى.
264 1 _aالرياض :
_bمكتبة العبيكان،
_c1999
300 _a594 صفحة :
_bإيضاحيات ؛
_c24 سم
336 _aنص
_btxt
_2rdacontent
_3كتاب
337 _aبدون وسيط
_bn
_2rdamedia
338 _aمجلد
_bnc
_2rdacarrier
504 _aيشتمل على إرجاعات ببليوجرافية.
600 1 7 _aابن تيمية، أحمد بن عبد الحليم بن عبد السلام،
_d661-728 هجري
_2aucnm
650 7 _aالفقه الحنبلي
_2aucsh
650 7 _aالفقه الإسلامي
_xمذاهب
_2aucsh
942 _2ddc
_cBOOK
949 _aSA-JeALM
_d240909
_umohamedma123
_n1
999 _c135
_d135